Význam výskumu ako východiska pre aktivity v rámci interných public relations

Podstata a význam public relations. Charakteristika interných public relations. Interná komunikácia. Nástroje interných public relations. Výskum interných public relations.

Enregistré dans:
Détails bibliographiques
Auteur principal: Žák, Štefan, 1971-
Format: Chapitre de livre
Langue:slovaque
Sujets:
Tags: Ajouter un tag
Pas de tags, Soyez le premier à ajouter un tag!

MARC

LEADER 00000naa$a2200000$$$4500
001 0105239
005 20240611111710.5
041 0 |a slo 
044 |a SK 
245 1 0 |a Význam výskumu ako východiska pre aktivity v rámci interných public relations  |c Štefan Žák 
520 |a Podstata a význam public relations. Charakteristika interných public relations. Interná komunikácia. Nástroje interných public relations. Výskum interných public relations. 
610 2 0 |a práca s verejnosťou 
610 2 0 |a komunikácia interná 
610 2 0 |a komunikácia marketingová 
610 2 0 |a komunikácia firemná 
610 2 0 |a firmy 
610 2 0 |a zamestnanci 
610 2 0 |a výskum 
100 1 |a Žák, Štefan, 1971-